000 00329nam a22001457a 4500
003 OSt
005 20160727222357.0
008 160622b xxu||||| |||| 00| 0 eng d
040 _cPENGUIN
100 _9549
_aSmith, N
245 _aModern Linguistics
260 _aNEW YORK
_bPENGUIN
_c1980
300 _aSmith, N
942 _2ddc
_cBK
999 _c459
_d459